Pluralism and harmony in the religions of China (Record no. 586553)

000 -LEADER
fixed length control field 00373nam a22001337a 4500
020 ## - INTERNATIONAL STANDARD BOOK NUMBER
International Standard Book Number 9787119114729
082 ## - DEWEY DECIMAL CLASSIFICATION NUMBER
Classification number 299.51
100 ## - MAIN ENTRY--PERSONAL NAME
Personal name YE XIAOWEN
245 ## - TITLE STATEMENT
Title Pluralism and harmony in the religions of China
Statement of responsibility, etc. YE XIAOWEN
260 ## - PUBLICATION, DISTRIBUTION, ETC.
Place of publication, distribution, etc. Beijing
Name of publisher, distributor, etc. Foreign Languages Press
Date of publication, distribution, etc. 2018
300 ## - PHYSICAL DESCRIPTION
Extent 290p
942 ## - ADDED ENTRY ELEMENTS (KOHA)
Source of classification or shelving scheme
Koha item type Book
Holdings
Withdrawn status Lost status Source of classification or shelving scheme Materials specified (bound volume or other part) Damaged status Not for loan Permanent Location Current Location Shelving location Date acquired Full call number Barcode Date last seen Price effective from Koha item type
      Donated by Chinese embassy in Pakistan     Central Library (CL) Central Library (CL) Chinese Studies 10/15/2021 299.51 XIA CL-D-1249 10/15/2021 10/15/2021 Book
      Donated by Chinese embassy in Pakistan     Central Library (CL) Central Library (CL) Chinese Studies 10/15/2021 299.51 XIA CL-D-1250 10/15/2021 10/15/2021 Book
© 2023 Central Library, National University of Sciences and Technology. All Rights Reserved.